الحضارات الأفريقية / Les Civilisations Africaines (Record no. 23190)

MARC details
000 -LEADER
fixed length control field 00674nam a22002177a 4500
003 - CONTROL NUMBER IDENTIFIER
control field OSt
005 - DATE AND TIME OF LATEST TRANSACTION
control field 20190820105107.0
008 - FIXED-LENGTH DATA ELEMENTS--GENERAL INFORMATION
fixed length control field 190820b xxu||||| |||| 00| 0 ara d
040 ## - CATALOGING SOURCE
Original cataloging agency LB-BrCRDP
082 ## - DEWEY DECIMAL CLASSIFICATION NUMBER
Classification number 916.03 P331c
100 ## - MAIN ENTRY--PERSONAL NAME
Personal name دنيز بولم / Denise Paulme
245 ## - TITLE STATEMENT
Title الحضارات الأفريقية / Les Civilisations Africaines
260 ## - PUBLICATION, DISTRIBUTION, ETC.
Place of publication, distribution, etc. بيروت
Name of publisher, distributor, etc. منشورات عويدات
Date of publication, distribution, etc. 1974
300 ## - PHYSICAL DESCRIPTION
Extent ص203
Dimensions سم17
490 ## - SERIES STATEMENT
Series statement زدني علما / Que sais-je?, 606.
630 ## - SUBJECT ADDED ENTRY--UNIFORM TITLE
Uniform title Africa -- Civilization.
630 ## - SUBJECT ADDED ENTRY--UNIFORM TITLE
Uniform title Afrique -- Civilisation.
630 ## - SUBJECT ADDED ENTRY--UNIFORM TITLE
Uniform title Civilization.
700 7# - ADDED ENTRY--PERSONAL NAME
Personal name ترجمة : نسيم نصر
942 ## - ADDED ENTRY ELEMENTS (KOHA)
Source of classification or shelving scheme Dewey Decimal Classification
Koha item type Books
Holdings
Withdrawn status Lost status Source of classification or shelving scheme Damaged status Not for loan Home library Current library Date acquired Total Checkouts Full call number Barcode Date last seen Copy number Price effective from Koha item type
    Dewey Decimal Classification     مكتبة المطبعة - سن الفيل مكتبة المطبعة - سن الفيل 08/20/2019   916.03 P331c crdp018919 08/20/2019 1 08/20/2019 Books
    Dewey Decimal Classification     مكتبة المطبعة - سن الفيل مكتبة المطبعة - سن الفيل 08/20/2019   916.03 P331c crdp018920 08/20/2019 2 08/20/2019 Books